000 00683nam a2200241Ia 4500
003 OSt
005 20221007100156.0
006 a|||||r|||| 00| 0
007 ta
008 221006b |||||||| |||| 00| 0 eng d
024 _a3,919
037 _cTextual
040 _aLCO
_cLCO
_beng
041 _2eng
_aeng
082 _aV2:48-58(Q).N7, M5
100 _aARUN KUMAR.
245 0 _aCultural and educational rights of the minorities under Indian constitution.
260 _aDelhi
_bDeep & Deep pub.
_c1985
300 _a286
650 _aRIGHTS OF MINORITIES.
_9701337
942 _hV2:48-58(Q).N7, M5
_cTEXL
999 _c1173482
_d1173482